| 000 | 00681nam a22002417a 4500 | ||
|---|---|---|---|
| 008 | 131127b xxu||||| |||| 00| 0 eng d | ||
| 020 | _a0-09-123895-9 | ||
| 024 | _cAvailable | ||
| 037 | _cAvailable | ||
| 040 |
_aMBSTU LIBRARY _dMBSTU LIBRARY |
||
| 082 |
_222 _a303.7384 WAE |
||
| 100 | _aWalker, Colin. | ||
| 245 | _aEnvironmental pollution by chemicals. | ||
| 250 | _a2nd | ||
| 260 |
_aLondon. _bHutchinson. _c1975 |
||
| 300 |
_a26 cm. _b72 page _f1 _g26 cm. |
||
| 600 | _2Toxic chemicals | ||
| 650 | _2Toxic chemicals | ||
| 700 | _aWalker, Colin. | ||
| 270 |
_aLondon _bLondon. _dUK. |
||
| 942 |
_2ddc _cBK |
||
| 999 |
_c894 _d894 |
||